<?xml version="1.0" encoding="UTF-8"?><?xml-stylesheet type="text/xsl" href="static/style.xsl"?><OAI-PMH xmlns="http://www.openarchives.org/OAI/2.0/" xmlns:xsi="http://www.w3.org/2001/XMLSchema-instance" xsi:schemaLocation="http://www.openarchives.org/OAI/2.0/ http://www.openarchives.org/OAI/2.0/OAI-PMH.xsd"><responseDate>2026-06-01T13:38:13Z</responseDate><request verb="GetRecord" identifier="oai:riuma.uma.es:10630/28444" metadataPrefix="marc">https://riuma.uma.es/rest/oai/request</request><GetRecord><record><header><identifier>oai:riuma.uma.es:10630/28444</identifier><datestamp>2026-02-03T11:24:23Z</datestamp><setSpec>com_10630_2254</setSpec><setSpec>col_10630_37953</setSpec></header><metadata><record xmlns="http://www.loc.gov/MARC21/slim" xmlns:dcterms="http://purl.org/dc/terms/" xmlns:doc="http://www.lyncode.com/xoai" xmlns:xsi="http://www.w3.org/2001/XMLSchema-instance" xsi:schemaLocation="http://www.loc.gov/MARC21/slim http://www.loc.gov/standards/marcxml/schema/MARC21slim.xsd">
   <leader>00925njm 22002777a 4500</leader>
   <datafield ind2=" " ind1=" " tag="042">
      <subfield code="a">dc</subfield>
   </datafield>
   <datafield ind2=" " ind1=" " tag="720">
      <subfield code="a">Zamudio-García, Javier</subfield>
      <subfield code="e">author</subfield>
   </datafield>
   <datafield ind2=" " ind1=" " tag="720">
      <subfield code="a">Dos-Santos-Gómez, Lucía</subfield>
      <subfield code="e">author</subfield>
   </datafield>
   <datafield ind2=" " ind1=" " tag="720">
      <subfield code="a">Porras-Vázquez, José Manuel</subfield>
      <subfield code="e">author</subfield>
   </datafield>
   <datafield ind2=" " ind1=" " tag="720">
      <subfield code="a">Ramírez-Losilla, Enrique</subfield>
      <subfield code="e">author</subfield>
   </datafield>
   <datafield ind2=" " ind1=" " tag="720">
      <subfield code="a">Marrero-López, David</subfield>
      <subfield code="e">author</subfield>
   </datafield>
   <datafield ind2=" " ind1=" " tag="260">
      <subfield code="c">2020-01-01</subfield>
   </datafield>
   <datafield ind2=" " ind1=" " tag="520">
      <subfield code="a">Recent studies have reported that the conductivity of La2Ce2O7 proton conductors is improved by aliovalent&#xd;
doping, despite the high concentration of oxygen vacancies in the pristine material. In this study,&#xd;
we provide new insights into the structural and conducting properties of La2-x AxCe2O7±d (A ¼ Naþ, Ca2þ,&#xd;
Sr2þ, Ba2þ, Y3þ and W6þ; x  0.2). The materials are apparently single phase compounds with a disordered&#xd;
fluorite-type structure by conventional X-ray diffraction; however, the local structure, studied by&#xd;
Raman spectroscopy, reveals a biphasic mixture of fluorite and C-type phases, which depends on dopant&#xd;
type and the sintering temperature. In addition, phase segregations are observed for Ca, Sr and Ba-doped&#xd;
samples by scanning electron microscopy. The different substitutions do not improve the bulk conduction&#xd;
at low temperature, and the conductivity differences between the samples are mainly ascribed to&#xd;
microstructural changes. High sintering temperatures produce a significant reduction of the bulk conductivity,&#xd;
i.e. 1.38 and 1.01 mS cm 1 at 300  C for samples sintered at 1400 and 1500  C, respectively. The&#xd;
use of Zn as sintering aid greatly improves the densification of La2Ce2O7 at lower temperature, without&#xd;
affecting negatively the conductivity.</subfield>
   </datafield>
   <datafield ind1="8" ind2=" " tag="024">
      <subfield code="a">https://hdl.handle.net/10630/28444</subfield>
   </datafield>
   <datafield ind1="8" ind2=" " tag="024">
      <subfield code="a">10.1016/j.jallcom.2019.152600</subfield>
   </datafield>
   <datafield tag="653" ind2=" " ind1=" ">
      <subfield code="a">Electrólitos - Conductividad</subfield>
   </datafield>
   <datafield tag="653" ind2=" " ind1=" ">
      <subfield code="a">Protones</subfield>
   </datafield>
   <datafield ind2="0" ind1="0" tag="245">
      <subfield code="a">Doping effects on the structure and electrical properties of La2Ce2O7 proton conductors.</subfield>
   </datafield>
</record>
</metadata></record></GetRecord></OAI-PMH>